| 000 | 00944cab a2200277 4500 | ||
|---|---|---|---|
| 001 | ABS60636 | ||
| 008 | 090401t1999 xxu||||| |||| 00| 0 eng d | ||
| 035 | _a(Sirsi) u93535 | ||
| 041 | _aeng | ||
| 100 | _aGuy, S. | ||
| 245 | _aGreening office buildings - new logics of policy practice | ||
| 260 | _c1999 | ||
| 350 | _a0 | ||
| 490 |
_aTown & Country Planning _v68(5) May 1999, 166-167(2) |
||
| 520 | _aArgues that planners and policy makers need to re-evaluate their way of seeing the property development process if they are to realise the potential for environmental innovation in building, and office building in particular. | ||
| 650 | _aBUILDINGS AND THE ENVIRONMENT | ||
| 650 | _aDEVELOPMENT PROCESS | ||
| 650 | _aENVIRONMENTAL ISSUES | ||
| 650 | _aGREEN OFFICES | ||
| 650 | _aOFFICE BUILDINGS | ||
| 650 | _aPLANNERS | ||
| 650 | _aPROPERTY DEVELOPMENT | ||
| 690 | _aDEVELOPMENT | ||
| 942 | _n0 | ||
| 948 | _c24/05/1999 | ||
| 999 |
_c59273 _d59273 |
||